| 000 | 00452nam a2200181Ia 4500 | ||
|---|---|---|---|
| 001 | 3464 | ||
| 005 | 20260306145645.0 | ||
| 008 | 260306t1991||||xx |||||||||||||| ||spa|| | ||
| 041 | _aESP | ||
| 082 |
_a279.8 _bC46R |
||
| 100 |
_aConferencia General del Episcopado Latinoamericano _eAUT |
||
| 245 | 0 | _aDocumento de Rio de Janeiro | |
| 260 | _c1991 | ||
| 300 |
_a67 páginas : _c19 cm. |
||
| 650 | _aGEN | ||
| 654 | _aCHU | ||
| 942 |
_cLIB _dJUS _fJUS _2ddc _n |
||
| 999 |
_c3464 _d3464 |
||